000 00382pab a2200145 454500
008 180718b1997 xxu||||| |||| 00| 0 eng d
100 _aAlexander, Rudolph, Jr.
245 _aSocial workers and privileged communication in the federal legal system
260 _c1997
300 _ap.387-91
362 _aJul
650 _aSocial workers
773 _aSocial Work
909 _a40573
999 _c40573
_d40573